000 00653nam a22002297a 4500
005 20170124110114.0
010 _a480775
020 _c00.00
035 _a480775
037 _bCen Lib/Ret
040 _aDPL
_bEN
082 _aMN
_bJEF
100 _aJeffries, Roderic
_929752
245 _aPolice car :
_cby Roderic Jeffries; illustrated by David Adcock
_ba real life adventure /
260 _aLeicester
_bBrockhampton Press
_c1967
270 _bLeicester
_asalisbury road
300 _a124p. ;
_c19cm(Hb)
_bill.
650 _aLiterature
_96262
650 _aNovel
_922513
700 _aAdcock, David
_929753
942 _2ddc
_cEN
_hMN
_mJEF
999 _c130650
_d130650